000 00485cam a22002171 4500
001 sa 65005969
003 DLC
005 20260227112140.0
008 891018s1965 ii 000 0 pano
010 _asa 65005969
035 _a(OCoLC)20507481
040 _aDLC
_cWaU
_dDLC
042 _apremarc
050 0 0 _aPK2659.R4
_bB5
100 0 _aRawindara Rawī.
245 1 0 _aBindū.
260 _c[1965]
300 _a160 p.
_c19 cm.
500 _aIn Panjabi.
500 _aPoems.
999 _c64469
_d64469